000 00322nam a22001457a 4500
003 macl
005 20190329153733.0
008 macl
040 _cmacl
100 _aMukhopadhyay,ramkumar
_973999
245 _aDOVE OR A MAN
260 _aNEW DELHI
_bLIFI
_c2016
650 _aShort stroies
_974000
942 _2ddc
_cBK
_k823/MUK
999 _c59157
_d59157